Formovanie hospodárskej politiky, ekonomická stabilita a ekonomický rast v SR
Autorka sa zameriava na smery, ktorými by sa formovanie hospodárskej politiky v SR malo uberať, aby sa mohli v čase hospodárskej krízy vytvárať priaznivé podmienky na znovunastolenie ekonomickej stability a zároveň by sa vytvoril priestor pre udržateľný ekonomický rast.
Salvato in:
| Autore principale: | |
|---|---|
| Natura: | Capitolo di libro |
| Lingua: | slovacco |
| Soggetti: | |
| Tags: |
Nessun Tag, puoi essere il primo ad aggiungerne!!
|
MARC
| LEADER | 00000nla$a2200000$$$4500 | ||
|---|---|---|---|
| 001 | 0147299 | ||
| 005 | 20240502072648.8 | ||
| 041 | 0 | |a slo | |
| 044 | |a SK | ||
| 245 | 1 | 0 | |a Formovanie hospodárskej politiky, ekonomická stabilita a ekonomický rast v SR |c Andrea Vondrová |
| 520 | |a Autorka sa zameriava na smery, ktorými by sa formovanie hospodárskej politiky v SR malo uberať, aby sa mohli v čase hospodárskej krízy vytvárať priaznivé podmienky na znovunastolenie ekonomickej stability a zároveň by sa vytvoril priestor pre udržateľný ekonomický rast. | ||
| 610 | 2 | 0 | |a rast hospodársky dlhodobý |
| 610 | 2 | 0 | |a stabilita hospodárstva |
| 610 | 2 | 0 | |a inflácia |
| 610 | 2 | 0 | |a nezamestnanosť |
| 610 | 2 | 0 | |a deficit rozpočtový |
| 610 | 2 | 0 | |a rozvoj trvalo udržateľný |
| 610 | 2 | 0 | |a Slovensko |
| 100 | 1 | |a Vondrová, Andrea, 1987- | |